<?xml version="1.0" encoding="UTF-8"?>
<collection xmlns="http://www.loc.gov/MARC21/slim">
 <record>
  <leader>02159nam a22003017a 4500</leader>
  <controlfield tag="001">NCT_30064</controlfield>
  <controlfield tag="008">180414b        xxu||||| |||| 00| 0 vie d</controlfield>
  <datafield tag="999" ind1=" " ind2=" ">
   <subfield code="c">1447</subfield>
   <subfield code="d">1447</subfield>
  </datafield>
  <datafield tag="020" ind1=" " ind2=" ">
   <subfield code="c">34000</subfield>
  </datafield>
  <datafield tag="082" ind1="0" ind2="4">
   <subfield code="2">23rd ed.</subfield>
   <subfield code="a">616</subfield>
   <subfield code="b">Đ250</subfield>
  </datafield>
  <datafield tag="100" ind1="1" ind2=" ">
   <subfield code="a">Đặng Hanh Đệ</subfield>
   <subfield code="e">Chủ biên</subfield>
  </datafield>
  <datafield tag="245" ind1="1" ind2="0">
   <subfield code="a">Cấp cứu ngoại khoa tim mạch - lồng ngực</subfield>
   <subfield code="c">Đặng Hanh Đệ</subfield>
  </datafield>
  <datafield tag="260" ind1=" " ind2=" ">
   <subfield code="a">H.</subfield>
   <subfield code="b">Y học</subfield>
   <subfield code="c">2005</subfield>
  </datafield>
  <datafield tag="300" ind1=" " ind2=" ">
   <subfield code="a">166 tr.</subfield>
   <subfield code="b">Minh họa</subfield>
   <subfield code="c">27 cm</subfield>
  </datafield>
  <datafield tag="500" ind1=" " ind2=" ">
   <subfield code="a">ĐTTS ghi: Trường Đại học Y Hả Nội - Bộ môn ngoại</subfield>
  </datafield>
  <datafield tag="653" ind1=" " ind2=" ">
   <subfield code="a">Y Đa khoa</subfield>
  </datafield>
  <datafield tag="942" ind1=" " ind2=" ">
   <subfield code="2">ddc</subfield>
   <subfield code="c">BK</subfield>
  </datafield>
  <datafield tag="952" ind1=" " ind2=" ">
   <subfield code="0">0</subfield>
   <subfield code="1">0</subfield>
   <subfield code="2">ddc</subfield>
   <subfield code="4">0</subfield>
   <subfield code="6">616_000000000000000_Đ250</subfield>
   <subfield code="7">0</subfield>
   <subfield code="9">6977</subfield>
   <subfield code="a">000001</subfield>
   <subfield code="b">000001</subfield>
   <subfield code="d">2018-04-14</subfield>
   <subfield code="o">616 Đ250</subfield>
   <subfield code="p">MD.10938</subfield>
   <subfield code="r">2018-04-14</subfield>
   <subfield code="v">34000.00</subfield>
   <subfield code="w">2018-04-14</subfield>
   <subfield code="y">BK</subfield>
  </datafield>
  <datafield tag="952" ind1=" " ind2=" ">
   <subfield code="0">0</subfield>
   <subfield code="1">0</subfield>
   <subfield code="2">ddc</subfield>
   <subfield code="4">0</subfield>
   <subfield code="6">616_000000000000000_Đ250</subfield>
   <subfield code="7">0</subfield>
   <subfield code="9">6978</subfield>
   <subfield code="a">000001</subfield>
   <subfield code="b">000001</subfield>
   <subfield code="d">2018-04-14</subfield>
   <subfield code="o">616 Đ250</subfield>
   <subfield code="p">MD.10939</subfield>
   <subfield code="r">2018-04-14</subfield>
   <subfield code="v">34000.00</subfield>
   <subfield code="w">2018-04-14</subfield>
   <subfield code="y">BK</subfield>
  </datafield>
  <datafield tag="952" ind1=" " ind2=" ">
   <subfield code="0">0</subfield>
   <subfield code="1">0</subfield>
   <subfield code="2">ddc</subfield>
   <subfield code="4">0</subfield>
   <subfield code="6">616_000000000000000_Đ250</subfield>
   <subfield code="7">0</subfield>
   <subfield code="9">6979</subfield>
   <subfield code="a">000001</subfield>
   <subfield code="b">000001</subfield>
   <subfield code="d">2018-04-14</subfield>
   <subfield code="o">616 Đ250</subfield>
   <subfield code="p">MD.11729</subfield>
   <subfield code="r">2018-04-14</subfield>
   <subfield code="v">34000.00</subfield>
   <subfield code="w">2018-04-14</subfield>
   <subfield code="y">BK</subfield>
  </datafield>
  <datafield tag="952" ind1=" " ind2=" ">
   <subfield code="0">0</subfield>
   <subfield code="1">0</subfield>
   <subfield code="2">ddc</subfield>
   <subfield code="4">0</subfield>
   <subfield code="6">616_000000000000000_Đ250</subfield>
   <subfield code="7">0</subfield>
   <subfield code="9">6986</subfield>
   <subfield code="a">000001</subfield>
   <subfield code="b">000001</subfield>
   <subfield code="d">2018-04-14</subfield>
   <subfield code="o">616 Đ250</subfield>
   <subfield code="p">MD.11727</subfield>
   <subfield code="r">2018-04-14</subfield>
   <subfield code="v">34000.00</subfield>
   <subfield code="w">2018-04-14</subfield>
   <subfield code="y">BK</subfield>
  </datafield>
  <datafield tag="952" ind1=" " ind2=" ">
   <subfield code="0">0</subfield>
   <subfield code="1">0</subfield>
   <subfield code="2">ddc</subfield>
   <subfield code="4">0</subfield>
   <subfield code="6">616_000000000000000_Đ250</subfield>
   <subfield code="7">0</subfield>
   <subfield code="9">6987</subfield>
   <subfield code="a">000001</subfield>
   <subfield code="b">000001</subfield>
   <subfield code="d">2018-04-14</subfield>
   <subfield code="o">616 Đ250</subfield>
   <subfield code="p">MD.11728</subfield>
   <subfield code="r">2018-04-14</subfield>
   <subfield code="v">34000.00</subfield>
   <subfield code="w">2018-04-14</subfield>
   <subfield code="y">BK</subfield>
  </datafield>
  <datafield tag="952" ind1=" " ind2=" ">
   <subfield code="0">0</subfield>
   <subfield code="1">0</subfield>
   <subfield code="2">ddc</subfield>
   <subfield code="4">0</subfield>
   <subfield code="6">616_000000000000000_Đ250</subfield>
   <subfield code="7">0</subfield>
   <subfield code="9">15377</subfield>
   <subfield code="a">000001</subfield>
   <subfield code="b">000001</subfield>
   <subfield code="d">2019-02-13</subfield>
   <subfield code="o">616 Đ250</subfield>
   <subfield code="p">MD.14215</subfield>
   <subfield code="r">2019-02-13</subfield>
   <subfield code="v">34000.00</subfield>
   <subfield code="w">2019-02-13</subfield>
   <subfield code="y">BK</subfield>
  </datafield>
  <datafield tag="952" ind1=" " ind2=" ">
   <subfield code="0">0</subfield>
   <subfield code="1">0</subfield>
   <subfield code="2">ddc</subfield>
   <subfield code="4">0</subfield>
   <subfield code="6">616_000000000000000_Đ250</subfield>
   <subfield code="7">0</subfield>
   <subfield code="9">15378</subfield>
   <subfield code="a">000001</subfield>
   <subfield code="b">000001</subfield>
   <subfield code="d">2019-02-13</subfield>
   <subfield code="o">616 Đ250</subfield>
   <subfield code="p">MD.14216</subfield>
   <subfield code="r">2019-02-13</subfield>
   <subfield code="v">34000.00</subfield>
   <subfield code="w">2019-02-13</subfield>
   <subfield code="y">BK</subfield>
  </datafield>
  <datafield tag="952" ind1=" " ind2=" ">
   <subfield code="0">0</subfield>
   <subfield code="1">0</subfield>
   <subfield code="2">ddc</subfield>
   <subfield code="4">0</subfield>
   <subfield code="6">616_000000000000000_Đ250</subfield>
   <subfield code="7">0</subfield>
   <subfield code="9">15379</subfield>
   <subfield code="a">000001</subfield>
   <subfield code="b">000001</subfield>
   <subfield code="d">2019-02-13</subfield>
   <subfield code="o">616 Đ250</subfield>
   <subfield code="p">MD.14217</subfield>
   <subfield code="r">2019-02-13</subfield>
   <subfield code="v">34000.00</subfield>
   <subfield code="w">2019-02-13</subfield>
   <subfield code="y">BK</subfield>
  </datafield>
  <datafield tag="952" ind1=" " ind2=" ">
   <subfield code="0">0</subfield>
   <subfield code="1">0</subfield>
   <subfield code="2">ddc</subfield>
   <subfield code="4">0</subfield>
   <subfield code="6">616_000000000000000_Đ250</subfield>
   <subfield code="7">0</subfield>
   <subfield code="9">15380</subfield>
   <subfield code="a">000001</subfield>
   <subfield code="b">000001</subfield>
   <subfield code="d">2019-02-13</subfield>
   <subfield code="o">616 Đ250</subfield>
   <subfield code="p">MD.14218</subfield>
   <subfield code="r">2019-02-13</subfield>
   <subfield code="v">34000.00</subfield>
   <subfield code="w">2019-02-13</subfield>
   <subfield code="y">BK</subfield>
  </datafield>
  <datafield tag="952" ind1=" " ind2=" ">
   <subfield code="0">0</subfield>
   <subfield code="1">0</subfield>
   <subfield code="2">ddc</subfield>
   <subfield code="4">0</subfield>
   <subfield code="6">616_000000000000000_Đ250</subfield>
   <subfield code="7">0</subfield>
   <subfield code="9">15381</subfield>
   <subfield code="a">000001</subfield>
   <subfield code="b">000001</subfield>
   <subfield code="d">2019-02-13</subfield>
   <subfield code="o">616 Đ250</subfield>
   <subfield code="p">MD.14219</subfield>
   <subfield code="r">2019-02-13</subfield>
   <subfield code="v">34000.00</subfield>
   <subfield code="w">2019-02-13</subfield>
   <subfield code="y">BK</subfield>
  </datafield>
  <datafield tag="980" ind1=" " ind2=" ">
   <subfield code="a">Thư viện Trường Đại học Nam Cần Thơ</subfield>
  </datafield>
 </record>
</collection>
